000 00211nam a22000857a 4500
008 160629b xxu||||| |||| 00| 0 eng d
100 _91411
_aShuman, J.E
245 _aMultimedia in Action
260 _aN.D
_b Vikas
_c1998
999 _c1168
_d1168